MGS architecture

Detalles Bibliográficos
Formato: Electrónico Seriadas
Publicado: [S.l.] : NBM Media Pvt. Ltd.
Materias:
Acceso en línea:Full text available from Research Library: 07/01/2009 to present

MARC

LEADER 00000nas a22000003u 4500
001 ssj0000527016
003 WaSeSS
005 20200512172242.0
006 m d
007 cr n
008 200512uuuuuuuuu||||| |ss|||||| ||||||d
035 |a (WaSeSS)ssj0000527016 
040 |a WaSeSS  |c WaSeSS  |d WaSeSS 
245 0 0 |a MGS architecture  |h [electronic resource]. 
260 |a [S.l.] :  |b NBM Media Pvt. Ltd. 
500 |a Title from content provider. 
506 |a License restrictions may limit access. 
655 0 |a Electronic journals. 
856 4 0 |z Full text available from Research Library: 07/01/2009 to present  |u https://search.proquest.com/publication/55076